[Event "Washington Open--Open Section"]
[Site "Lynnwood, WA"]
[Date "2017.05.29"]
[Round "5"]
[White "Velea  (WA), Sophie"]
[Black "Campbell  (WA), Tim"]
[Result "1/2-1/2"]
[WhiteElo "1563"]
[BlackElo "1780"]
[PlyCount "180"]
[EventDate "2017.06.02"]
[SourceDate "2017.07.15"]
[SourceVersionDate "2017.07.15"]

1. e4 c5 2. Nf3 Nc6 3. Bb5 g6 4. O-O Bg7 5. c3 Nf6 6. e5 Nd5 7. d4 cxd4 8. cxd4
O-O 9. Bd2 d6 10. Re1 Nc7 11. Bxc6 bxc6 12. Nc3 Rb8 13. b3 Nb5 14. Nxb5 Rxb5
15. Rc1 dxe5 16. dxe5 Rd5 17. Qe2 Bxe5 18. Bh6 Bg7 19. Bxg7 Kxg7 20. Qxe7 Qb6
21. Re5 Rfd8 22. Rxd5 Rxd5 23. h3 a5 24. Ne5 Be6 25. Nxc6 Rd2 26. Qc5 Rd1+ 27.
Kh2 Qc7+ 28. g3 Rxc1 29. Qxc1 Bd5 30. Qb2+ f6 31. Nd4 Qe5 32. Qd2 Qe4 33. f3
Qb1 34. Qe2 Qa1 35. Qd2 Qf1 36. Qe2 Qxe2+ 37. Nxe2 Bxf3 38. Nd4 Bd5 39. Kg1 f5
40. Kf2 Kf6 41. Ke3 Ke5 42. h4 h6 43. a3 Be4 44. b4 axb4 45. axb4 Kd5 46. Nb5
Bc2 47. Na3 Ba4 48. Kd3 Bd7 49. Ke3 Bc8 50. Kd3 Bb7 51. Ke3 g5 52. hxg5 hxg5
53. Kd3 Bc8 54. Ke3 Ba6 55. Nc2 Kc4 56. Nd4 Bc8 57. Nf3 g4 58. Nh4 Kxb4 59. Kf4
Kc5 60. Nxf5 Ba6 61. Kxg4 Kd5 62. Kg5 Be2 63. Ne3+ Ke6 64. Ng2 Kf7 65. Nf4 Bd1
66. Kf5 Bf3 67. Nd3 Bh5 68. Ne5+ Kg7 69. Nd7 Bd1 70. Ne5 Bh5 71. Kg5 Be2 72.
Kf4 Kf6 73. Nf3 Bxf3 74. Kxf3 Kf5 75. Ke3 Kg4 76. Kf2 Kg5 77. Kf3 Kf5 78. g4+
Kg5 79. Kg3 Kg6 80. Kf4 Kf6 81. Kg3 Kg5 82. Kh3 Kg6 83. Kh4 Kh6 84. g5+ Kg6 85.
Kg4 Kg7 86. Kf5 Kf7 87. g6+ Kg7 88. Kg5 Kg8 89. Kf6 Kf8 90. g7+ Kg8 1/2-1/2

[Event "Washington Open--Open Section"]
[Site "Lynnwood, WA"]
[Date "2017.05.29"]
[Round "6"]
[White "Zavortink  (OR), Matt"]
[Black "Arganian  (WA), David"]
[Result "1-0"]
[WhiteElo "2229"]
[BlackElo "2012"]
[PlyCount "31"]
[EventDate "2017.06.02"]
[SourceDate "2017.07.15"]
[SourceVersionDate "2017.07.15"]

1. d4 Nf6 2. Bf4 g6 3. Nc3 Bg7 4. e4 d6 5. Qd2 c6 6. Bh6 Bxh6 7. Qxh6 Qb6 8.
O-O-O Na6 9. Bc4 Be6 10. Bxe6 fxe6 11. Nf3 O-O-O 12. Ng5 Rdf8 13. Nxe6 Ng4 14.
Qh4 Nxf2 15. Nxf8 Nxd1 16. Qg4+ 1-0

[Event "Washington Open--Reserve Section"]
[Site "Lynnwood, WA"]
[Date "2017.05.29"]
[Round "6"]
[White "Charleston  (WA), Scott"]
[Black "Allen  (WA), Robert"]
[Result "1-0"]
[WhiteElo "1518"]
[BlackElo "1700"]
[PlyCount "35"]
[EventDate "2017.06.02"]
[SourceDate "2017.07.15"]
[SourceVersionDate "2017.07.15"]

1. c4 Nf6 2. g3 g6 3. Bg2 d5 4. cxd5 Nxd5 5. Nc3 Nxc3 6. bxc3 Bg7 7. Nf3 O-O 8.
O-O c5 9. d4 Nc6 10. e3 Bf5 11. Bb2 cxd4 12. cxd4 Be4 13. Ba3 Re8 14. Rc1 Rc8
15. Qb3 b6 16. Ng5 Bxg2 17. Qxf7+ Kh8 18. Ne6 1-0

[Event "Washington Open--Booster Section"]
[Site "Lynnwood, WA"]
[Date "2017.05.29"]
[Round "6"]
[White "Nichols  (WA), Paul"]
[Black "Goktepe  (WA), Yasemin"]
[Result "1-0"]
[WhiteElo "741"]
[BlackElo "967"]
[PlyCount "53"]
[EventDate "2017.06.02"]
[SourceDate "2017.07.15"]
[SourceVersionDate "2017.07.15"]

1. e4 e5 2. Nf3 Nc6 3. g3 Nf6 4. Bg2 Nxe4 5. Nxe5 Qe7 6. Nxc6 dxc6 7. O-O Bf5
8. Re1 Qb4 9. d3 Rd8 10. Bd2 Qd4 11. Bxe4 Be6 12. Bc3 Qd7 13. Nd2 f6 14. Re2
Bf7 15. Bf5+ Be6 16. Rxe6+ Kf7 17. Qh5+ Kg8 18. Rxf6 Qe7 19. Be6+ Qxe6 20. Rxe6
Rd5 21. Re5 Rd7 22. Qf5 Rf7 23. Qe6 Be7 24. Rf5 Bf6 25. Bxf6 gxf6 26. Rxf6 Kg7
27. Qxf7# 1-0

[Event "Washington Open--Reserve Section"]
[Site "Lynnwood, WA"]
[Date "2017.05.29"]
[Round "6"]
[White "Orr  (WA), Michael"]
[Black "Meyer  (WA), Jacob"]
[Result "1/2-1/2"]
[WhiteElo "1613"]
[BlackElo "1751"]
[PlyCount "43"]
[EventDate "2017.06.02"]
[SourceDate "2017.07.15"]
[SourceVersionDate "2017.07.15"]

1. d4 Nf6 2. Nf3 d6 3. Bg5 g6 4. Nbd2 Bg7 5. c3 O-O 6. e4 Nfd7 7. Bd3 c5 8. O-O
Nc6 9. d5 Nce5 10. Nc4 Nxc4 11. Bxc4 a6 12. a4 h6 13. Bh4 Nb6 14. Nd2 f5 15. f4
Nxc4 16. Nxc4 fxe4 17. Qe2 Re8 18. Qxe4 Bf5 19. Qf3 b5 20. Ne3 Bd3 21. Rfe1 Qd7
22. Ng4 1/2-1/2

[Event "Washington Open--Booster Section"]
[Site "Lynnwood, WA"]
[Date "2017.05.29"]
[Round "6"]
[White "Lebedinsky  (WA), Andrew"]
[Black "Morrison  (WA), Michael"]
[Result "1-0"]
[WhiteElo "1230"]
[BlackElo "1353"]
[PlyCount "53"]
[EventDate "2017.06.02"]
[SourceDate "2017.07.15"]
[SourceVersionDate "2017.07.15"]

1. e4 c5 2. Nf3 d6 3. d4 cxd4 4. Nxd4 Nc6 5. Nc3 a6 6. Bc4 e6 7. Be3 Be7 8. Qd2
Bf6 9. O-O-O Nge7 10. Nxc6 bxc6 11. Qxd6 Qxd6 12. Rxd6 O-O 13. Rdd1 Ng6 14. f4
Bb7 15. e5 Be7 16. Ne4 c5 17. Nxc5 Bxc5 18. Bxc5 Rfc8 19. b4 Bxg2 20. Rhg1 Nxf4
21. Rd4 g5 22. h4 h6 23. hxg5 hxg5 24. Rxf4 gxf4 25. Rxg2+ Kh7 26. Bd3+ Kh6 27.
Rg4 1-0

[Event "Washington Open--Open Section"]
[Site "Lynnwood, WA"]
[Date "2017.05.29"]
[Round "6"]
[White "Whale  (WA), Nicholas"]
[Black "Feldman  (OR), Neena"]
[Result "1-0"]
[WhiteElo "1533"]
[BlackElo "1250"]
[PlyCount "43"]
[EventDate "2017.06.02"]
[SourceDate "2017.07.15"]
[SourceVersionDate "2017.07.15"]

1. e4 c6 2. d4 d5 3. exd5 cxd5 4. c4 e6 5. Nc3 Nf6 6. Nf3 Nc6 7. Bd3 dxc4 8.
Bxc4 Bd6 9. O-O O-O 10. Bg5 Be7 11. Qd2 Re8 12. Rfe1 Nd7 13. d5 Bxg5 14. Nxg5
exd5 15. Nxf7 Kxf7 16. Qxd5+ Kf6 17. Qf7+ Kg5 18. Qxg7+ Kf5 19. Qxh7+ Kf6 20.
Nd5+ Kg5 21. f4+ Kg4 22. Qh3# 1-0

[Event "Washington Open--Open Section"]
[Site "Lynnwood, WA"]
[Date "2017.05.29"]
[Round "6"]
[White "Seitzer  (OR), Phillip"]
[Black "Frantz  (WA), Joseph"]
[Result "0-1"]
[WhiteElo "2058"]
[BlackElo "1910"]
[PlyCount "42"]
[EventDate "2017.06.02"]
[SourceDate "2017.07.15"]
[SourceVersionDate "2017.07.15"]

1. e4 c5 2. Nf3 d6 3. d4 cxd4 4. Nxd4 Nf6 5. Nc3 g6 6. Be3 Bg7 7. f3 O-O 8. Qd2
Nc6 9. O-O-O d5 10. exd5 Nxd5 11. Nxc6 bxc6 12. Bd4 e5 13. Bc5 Re8 14. Nxd5
cxd5 15. Qxd5 Qg5+ 16. Kb1 Bf5 17. Bb5 Red8 18. Qb3 Rdc8 19. Qa3 Bf8 20. Bxf8
Bxc2+ 21. Ka1 Bxd1 0-1

[Event "Washington Open--Open Section"]
[Site "Lynnwood, WA"]
[Date "2017.05.29"]
[Round "6"]
[White "Orlov  (WA), Georgi"]
[Black "Bragg  (WA), David"]
[Result "1-0"]
[WhiteElo "2528"]
[BlackElo "2200"]
[PlyCount "71"]
[EventDate "2017.06.02"]
[SourceDate "2017.07.16"]
[SourceVersionDate "2017.07.16"]

1. d4 Nf6 2. Nf3 e6 3. c4 b6 4. g3 Ba6 5. Qa4 Be7 6. Bg2 O-O 7. Ne5 d5 8. Nc3
Bb7 9. O-O a6 10. cxd5 exd5 11. Bf4 c6 12. Rac1 Ra7 13. Rfd1 Ba8 14. Qb3 b5 15.
a3 a5 16. a4 b4 17. Nb1 Nh5 18. Be3 f5 19. Nd2 g5 20. f3 f4 21. Bf2 Qc8 22. e3
Kh8 23. Qc2 Bd6 24. Nb3 Nf6 25. exf4 gxf4 26. Re1 Rg8 27. Nc5 Rag7 28. Ne6 fxg3
29. hxg3 Re7 30. Bh3 Qe8 31. Qf5 Nbd7 32. Ng5 Qf8 33. Nxd7 Rxd7 34. Re6 Rg6 35.
Rxf6 Qxf6 36. Qxf6+ 1-0

[Event "Washington Open--Booster Section"]
[Site "Lynnwood, WA"]
[Date "2017.05.29"]
[Round "6"]
[White "Brokaw  (WA), Benjamin"]
[Black "Chen  (WA), Aiden"]
[Result "1/2-1/2"]
[WhiteElo "1203"]
[BlackElo "988"]
[PlyCount "78"]
[EventDate "2017.06.02"]
[SourceDate "2017.07.16"]
[SourceVersionDate "2017.07.16"]

1. e4 e5 2. Nf3 Nc6 3. Nc3 Nf6 4. Bc4 Be7 5. d3 O-O 6. O-O d6 7. h3 b6 8. b3
Bb7 9. Nd5 Na5 10. Nxe7+ Qxe7 11. Bg5 Nxc4 12. bxc4 h6 13. Bh4 Qe6 14. Qe2 Nd7
15. Nd2 f5 16. f3 Rf7 17. g4 fxg4 18. hxg4 c5 19. a4 Rff8 20. Be1 Nb8 21. Nb3
Nc6 22. c3 Qf7 23. Rd1 h5 24. d4 Rad8 25. dxc5 dxc5 26. Bh4 Rxd1 27. Qxd1 Qxc4
28. Qd5+ Qxd5 29. exd5 Na5 30. Nxa5 bxa5 31. d6 Rf7 32. Rd1 Rd7 33. Kf2 hxg4
34. fxg4 Kf7 35. Ke3 Ke6 36. Be7 c4 37. g5 g6 38. Kf2 Kf5 39. Ke3 Ke6 1/2-1/2

[Event "Washington Open--Reserve Section"]
[Site "Lynnwood, WA"]
[Date "2017.05.29"]
[Round "6"]
[White "Christy  (WA), John"]
[Black "Oliver  (WA), George"]
[Result "1-0"]
[WhiteElo "1451"]
[BlackElo "1536"]
[PlyCount "65"]
[EventDate "2017.06.02"]
[SourceDate "2017.07.16"]
[SourceVersionDate "2017.07.16"]

1. Nf3 d5 2. d4 Nf6 3. e3 Bg4 4. c4 e6 5. Qb3 Be7 6. Nc3 O-O 7. Qxb7 Nbd7 8. c5
Nxc5 9. dxc5 Bxc5 10. Qb5 Qd6 11. Qa6 Qe7 12. Be2 Rfb8 13. O-O Rb6 14. Qd3 Bd6
15. h3 Bf5 16. Qd1 a6 17. Nh4 Bg6 18. Nxg6 hxg6 19. Bf3 Rb4 20. b3 Rh4 21. Bb2
Rh7 22. Ne2 Nd7 23. Rc1 f5 24. Nf4 Bxf4 25. exf4 Rd8 26. Re1 Nf6 27. Bxf6 Qxf6
28. Rxc7 Rh4 29. Qc1 Qd4 30. Rxe6 Rxf4 31. Rxg6 Rh4 32. Rgxg7+ Kh8 33. Qg5 1-0

[Event "Washington Open--Reserve Section"]
[Site "Lynnwood, WA"]
[Date "2017.05.29"]
[Round "6"]
[White "Buchignani  (WA), Paul"]
[Black "Ranganathan  (WA), Ananta"]
[Result "0-1"]
[WhiteElo "1473"]
[BlackElo "1322"]
[PlyCount "92"]
[EventDate "2017.06.02"]
[SourceDate "2017.07.16"]
[SourceVersionDate "2017.07.16"]

1. e4 c5 2. Nc3 e6 3. f4 d5 4. Bb5+ Bd7 5. Bxd7+ Qxd7 6. exd5 exd5 7. d4 Nf6 8.
Nf3 cxd4 9. Nxd4 Be7 10. Be3 O-O 11. Qf3 Ng4 12. O-O-O Nxe3 13. Qxe3 Bb4 14.
Qf3 Bxc3 15. Qxc3 Na6 16. a3 Rfc8 17. Qf3 Rc4 18. Nb3 Rac8 19. Rd2 Qf5 20. c3
Nc7 21. Rf1 Ne6 22. g3 d4 23. Rd3 dxc3 24. Rxc3 Rxc3+ 25. bxc3 Qb5 26. Kc2 a5
27. Qd3 Qb6 28. f5 a4 29. Nd2 Rd8 30. Qc4 Nc5 31. Re1 h6 32. Re7 Rf8 33. Re5
Nb3 34. Nxb3 axb3+ 35. Kb2 Qf2+ 36. Re2 Qxf5 37. Qxb3 Qf3 38. Re7 Qf2+ 39. Qc2
Qf3 40. a4 Ra8 41. Ka3 Qc6 42. Qb3 Kh8 43. Rxf7 b5 44. Qb4 Rxa4+ 45. Kb3 Rxb4+
46. Kxb4 Qc4+ 0-1

[Event "Washington Open--Open Section"]
[Site "Lynnwood, WA"]
[Date "2017.05.29"]
[Round "6"]
[White "Roring  (OR), Tres"]
[Black "Kuhner  (WA), Mary"]
[Result "1/2-1/2"]
[WhiteElo "2076"]
[BlackElo "1910"]
[PlyCount "95"]
[EventDate "2017.06.02"]
[SourceDate "2017.07.17"]
[SourceVersionDate "2017.07.17"]

1. Nf3 e6 2. d4 f5 3. b3 Nf6 4. Bb2 d5 5. g3 Bd6 6. Bg2 O-O 7. O-O Nbd7 8. Nbd2
Ne4 9. c4 c6 10. Ne1 Nxd2 11. Qxd2 g5 12. e3 Nf6 13. Qc1 Bd7 14. Ba3 Bxa3 15.
Qxa3 Be8 16. Nd3 Nd7 17. Qb4 Rb8 18. f4 g4 19. Qa3 a6 20. cxd5 exd5 21. Ne5 Nf6
22. b4 Ne4 23. Bxe4 dxe4 24. Rfc1 Qd6 25. Qc3 Bf7 26. Qc5 Qxc5 27. bxc5 Rbc8
28. Rcb1 Rc7 29. Rb2 Re8 30. Rab1 Ree7 31. Kf2 Bd5 32. Ke2 Kf8 33. Kd2 Rg7 34.
Kc3 Ke8 35. Kb4 Kd8 36. Ka5 Kc8 37. a3 Kd8 38. Rh1 Rg8 39. Kb6 Kc8 40. Rc2 Rgg7
41. Rcc1 Rce7 42. Rcg1 Rg8 43. Ka5 Kc7 44. Kb4 Rb8 45. Nc4 Bxc4 46. Kxc4 Rd8
47. h3 Rg8 48. h4 1/2-1/2

[Event "Washington Open--Open Section"]
[Site "Lynnwood, WA"]
[Date "2017.05.29"]
[Round "6"]
[White "Campbell  (WA), Tim"]
[Black "Moore  (OR), Michael"]
[Result "0-1"]
[WhiteElo "1780"]
[BlackElo "1699"]
[PlyCount "100"]
[EventDate "2017.06.02"]
[SourceDate "2017.07.17"]
[SourceVersionDate "2017.07.17"]

1. e4 c5 2. Nf3 d6 3. d4 cxd4 4. Qxd4 Nc6 5. Bb5 Bd7 6. Bxc6 Bxc6 7. Nc3 Nf6 8.
Bg5 e6 9. O-O-O Be7 10. Bxf6 Bxf6 11. Qxd6 Bxc3 12. Qxd8+ Rxd8 13. Rxd8+ Kxd8
14. bxc3 Bxe4 15. Ne5 Ke7 16. f3 Bc6 17. Rd1 Rc8 18. Kb2 f6 19. Nd3 Rd8 20. Re1
Kf7 21. c4 e5 22. Kc3 Rc8 23. Rd1 Rc7 24. Kb4 Be8 25. a4 b6 26. Nf2 a5+ 27. Kb3
Ke7 28. Ne4 Rc6 29. Nc3 Bf7 30. Nd5+ Bxd5 31. cxd5 Rc5 32. c4 Kd6 33. Kc3 Rc7
34. Rb1 Rb7 35. Kd3 Rb8 36. Rb5 f5 37. g4 g6 38. gxf5 gxf5 39. c5+ Kxd5 40.
cxb6+ Kd6 41. b7 Ke6 42. Kc4 Kd6 43. h4 h5 44. Rb6+ Kc7 45. Kc5 Rxb7 46. Rxb7+
Kxb7 47. Kd5 e4 48. fxe4 f4 49. e5 f3 50. e6 Kc7 0-1

[Event "Washington Open--Open Section"]
[Site "Lynnwood, WA"]
[Date "2017.05.29"]
[Round "6"]
[White "Sinanan  (WA), Josh"]
[Black "Rupel  (WA), David"]
[Result "1/2-1/2"]
[WhiteElo "2261"]
[BlackElo "2033"]
[PlyCount "119"]
[EventDate "2017.06.02"]
[SourceDate "2017.07.19"]
[SourceVersionDate "2017.07.19"]

1. d4 Nf6 2. c4 e6 3. g3 c5 4. d5 exd5 5. cxd5 b5 6. Nf3 Bb7 7. e4 Nxe4 8. Bg2
Bd6 9. O-O O-O 10. Re1 Re8 11. Nc3 Nxc3 12. Rxe8+ Qxe8 13. bxc3 Na6 14. Rb1 Nc7
15. c4 Ba6 16. Ng5 f5 17. Qd3 h6 18. Nf3 bxc4 19. Qxf5 Nb5 20. Qg4 Nd4 21. Bxh6
Qf7 22. Be3 Qf5 23. Qxf5 Nxf5 24. Bf1 Re8 25. Nd2 Nxe3 26. fxe3 Rxe3 27. Bxc4
Ra3 28. Bxa6 Rxa6 29. Nc4 Kf7 30. a4 Ke7 31. a5 Bc7 32. Rb5 Rg6 33. Rxc5 Bd6
34. Rc8 Rg4 35. Ne3 Rg5 36. Rc4 Ba3 37. Kg2 Kd6 38. h4 Rg6 39. Rd4 Bc1 40. Nf5+
Ke5 41. g4 Ra6 42. Rc4 Bd2 43. Nxg7 Rxa5 44. d6 Ra2 45. Nf5 Bf4+ 46. Kf3 Ra3+
47. Ke2 Ra2+ 48. Kd3 Rd2+ 49. Kc3 Rg2 50. Rc5+ Ke6 51. Kb4 Bd2+ 52. Kb5 Rxg4
53. Rc2 Bf4 54. Nd4+ Kxd6 55. Ra2 Kd5 56. Rxa7 Kxd4 57. Rxd7+ Ke4 58. Rh7 Be5
59. h5 Rh4 60. Kc5 1/2-1/2

[Event "Washington Open--Reserve Section"]
[Site "Lynnwood, WA"]
[Date "2017.05.29"]
[Round "6"]
[White "Greenawalt  (WA), Larry"]
[Black "Shea  (WA), Adam"]
[Result "1-0"]
[WhiteElo "1416"]
[BlackElo "1077"]
[PlyCount "113"]
[EventDate "2017.06.02"]
[SourceDate "2017.07.19"]
[SourceVersionDate "2017.07.19"]

1. e4 d5 2. exd5 Qxd5 3. Nc3 Qa5 4. d4 Nf6 5. Nf3 Bf5 6. Be2 c6 7. O-O e6 8. a3
Nbd7 9. Bd2 Qc7 10. Nh4 Bg6 11. Nxg6 hxg6 12. g3 Bd6 13. f4 O-O-O 14. Bf3 Ng8
15. Ne4 Ndf6 16. Nxd6+ Qxd6 17. c3 Nd5 18. Qe2 Nge7 19. b4 Nc7 20. a4 b5 21.
axb5 Nxb5 22. Rfc1 Qc7 23. Be1 Kd7 24. Qe5 Qxe5 25. dxe5 Ke8 26. Bf2 Ra8 27. c4
Nc7 28. Rxa7 Rxa7 29. Bxa7 f6 30. exf6 gxf6 31. Bc5 Na6 32. Bxe7 Kxe7 33. Rb1
Rb8 34. Bxc6 Rxb4 35. Rxb4 Nxb4 36. Bb5 Kd6 37. Kf2 Kc5 38. g4 Nc6 39. h4 Ne7
40. h5 gxh5 41. gxh5 Ng8 42. Ke3 Nh6 43. Kd3 Nf7 44. Be8 Nh6 45. Bd7 e5 46.
fxe5 fxe5 47. Be6 Kd6 48. Bd5 Kc5 49. Ke4 Kd6 50. c5+ Kxc5 51. Kxe5 Ng4+ 52.
Ke6 Kd4 53. Bf3 Nh6 54. Kf6 Ng8+ 55. Kg7 Ne7 56. Bg4 Ke5 57. h6 1-0

[Event "Washington Open--Reserve Section"]
[Site "Lynnwood, WA"]
[Date "2017.05.29"]
[Round "6"]
[White "Hendricks  (WA), David"]
[Black "Yan  (WA), Jeffrey"]
[Result "0-1"]
[WhiteElo "1705"]
[BlackElo "1776"]
[PlyCount "62"]
[EventDate "2017.06.02"]
[SourceDate "2017.07.20"]
[SourceVersionDate "2017.07.20"]

1. d4 d5 2. Bf4 Bf5 3. e3 e6 4. c4 c6 5. a3 Nf6 6. Nc3 Bd6 7. Bg3 Bxg3 8. hxg3
Nbd7 9. Nf3 a5 10. Nh4 Bg4 11. f3 Bh5 12. g4 g5 13. gxh5 gxh4 14. Rxh4 dxc4 15.
Rh1 Nd5 16. Nxd5 cxd5 17. b3 Qg5 18. Kf2 b5 19. bxc4 bxc4 20. Qa4 Ke7 21. Rb1
Rhb8 22. Rxb8 Rxb8 23. g4 Rb3 24. f4 Qxg4 25. Be2 Rb2 26. Qd1 Nf6 27. Kf1 Qg3
28. Qc1 Rxe2 29. Kxe2 Qg2+ 30. Kd1 Qxh1+ 31. Kc2 Qxc1+ 0-1

[Event "Washington Open--Reserve Section"]
[Site "Lynnwood, WA"]
[Date "2017.05.29"]
[Round "6"]
[White "Liu  (WA), Nathan"]
[Black "Hua  (WA), Anthony"]
[Result "0-1"]
[WhiteElo "1082"]
[BlackElo "1422"]
[PlyCount "64"]
[EventDate "2017.06.02"]
[SourceDate "2017.07.20"]
[SourceVersionDate "2017.07.20"]

1. c4 e5 2. g3 Nc6 3. Bg2 d6 4. d3 Nf6 5. Nf3 Be6 6. O-O Be7 7. Nc3 Qd7 8. Re1
h5 9. Qb3 Qc8 10. e3 Rb8 11. d4 Bh3 12. Bh1 h4 13. Nxh4 Rxh4 14. d5 Nd8 15. f3
Rh8 16. e4 c6 17. Be3 b6 18. Qa4 Rb7 19. Rac1 Bd7 20. Qb3 c5 21. f4 Ng4 22.
fxe5 Nxe5 23. Bf4 f6 24. Red1 Ndf7 25. Nb5 a6 26. Na3 b5 27. cxb5 axb5 28. Qc2
b4 29. Nc4 Nxc4 30. Qxc4 Ne5 31. Bxe5 fxe5 32. Rf1 Bb5 0-1

[Event "Washington Open--Booster Section"]
[Site "Lynnwood, WA"]
[Date "2017.05.29"]
[Round "6"]
[White "Kuang  (WA), Michael"]
[Black "Ryan  (WA), Stephen"]
[Result "1-0"]
[WhiteElo "1033"]
[BlackElo "1288"]
[PlyCount "69"]
[EventDate "2017.06.02"]
[SourceDate "2017.07.20"]
[SourceVersionDate "2017.07.20"]

1. d4 Nf6 2. c4 e6 3. Nc3 d5 4. Nf3 c6 5. Bg5 Nbd7 6. e3 Qa5 7. a3 dxc4 8. Bxc4
Ne4 9. Qc2 Nxg5 10. Nxg5 Qxg5 11. O-O Nf6 12. f3 Be7 13. Rac1 O-O 14. b4 Nd5
15. Ne4 Qh6 16. Ng3 Bd7 17. Qb1 Bd6 18. e4 Bxg3 19. hxg3 Nf6 20. Be2 Qd2 21.
Bd3 Qg5 22. Rfd1 e5 23. dxe5 Qxe5 24. Rc5 Qc7 25. e5 Ng4 26. Bxh7+ Kh8 27. Rd4
Nxe5 28. Rh4 g6 29. Bxg6+ Kg8 30. Bh7+ Kg7 31. Qc1 Ng6 32. Qh6+ Kf6 33. Bxg6
Rh8 34. Qg5+ Ke6 35. Re4+ 1-0

[Event "Washington Open--Booster Section"]
[Site "Lynnwood, WA"]
[Date "2017.05.29"]
[Round "6"]
[White "Agaian  (WA), Varuzhan"]
[Black "Fobian  (WA), Christian"]
[Result "1-0"]
[WhiteElo "627"]
[BlackElo "467"]
[Annotator "Murlin"]
[PlyCount "65"]
[EventDate "2017.06.02"]
[SourceDate "2017.07.21"]
[SourceVersionDate "2017.07.21"]

1. e4 e6 2. Nc3 d5 3. Nf3 d4 4. Nb5 c5 5. Bc4 a6 6. Na3 b5 7. Bf1 Nc6 8. c4 Rb8
9. cxb5 Nb4 10. bxa6 d3 11. a7 Ra8 12. Qa4+ Bd7 13. Qb3 Nf6 14. Bxd3 Bc6 15. e5
Nd7 16. Bb5 Bd5 17. Bc4 Bxf3 18. Qxf3 Nxe5 19. Bb5+ Ke7 20. Qb7+ Kf6 21. O-O
Ned3 22. Bxd3 Nxd3 23. Qf3+ Ke7 24. Qb7+ Kd6 25. Qa6+ (25. Nc4#) 25... Ke5 26.
f4+ Kf5 27. Nc4 Qd4+ 28. Ne3+ Kg6 29. f5+ Kf6 30. fxe6+ Ke5 31. Rf5+ Ke4 32.
Qc6+ Qd5 33. Qxd5# 1-0

[Event "Washington Open--Reserve Section"]
[Site "Lynnwood, WA"]
[Date "2017.05.29"]
[Round "6"]
[White "Hamlett  (WA), James"]
[Black "Johnson  (WA), Cleve"]
[Result "1/2-1/2"]
[WhiteElo "1648"]
[BlackElo "1537"]
[PlyCount "86"]
[EventDate "2017.06.02"]
[SourceDate "2017.07.21"]
[SourceVersionDate "2017.07.21"]

1. e4 c5 2. Nc3 d6 3. f4 a6 4. Nf3 Nc6 5. Be2 g6 6. O-O Bg7 7. Qe1 Nf6 8. d3
O-O 9. Qh4 h6 10. e5 dxe5 11. fxe5 g5 12. Bxg5 hxg5 13. Nxg5 Qd4+ 14. Qxd4 Nxd4
15. exf6 Nxe2+ 16. Nxe2 Bxf6 17. Ne4 Bxb2 18. Rab1 Be5 19. Nxc5 Bg4 20. Kh1 f6
21. Nf4 Rfc8 22. Ne4 Kf7 23. h3 Bd7 24. Nd5 Rxc2 25. Rxb7 Rd8 26. Ra7 Ke6 27.
Nf4+ Bxf4 28. Rxf4 Bb5 29. Nf2 Re2 30. Re4+ Rxe4 31. Nxe4 Bxd3 32. Nc5+ Kf7 33.
Nxd3 Rxd3 34. Rxa6 e5 35. Kg1 Kg6 36. a4 e4 37. a5 Kg5 38. Kf1 f5 39. Ra8 Kf4
40. Ke2 Rg3 41. Kf1 Ra3 42. Rc8 Ke3 43. Rc1 Rxa5 1/2-1/2

[Event "Washington Open--Reserve Section"]
[Site "Lynnwood, WA"]
[Date "2017.05.29"]
[Round "6"]
[White "Zhang  (WA), Kyle"]
[Black "Merrikin  (WA), David"]
[Result "1/2-1/2"]
[WhiteElo "1412"]
[BlackElo "1468"]
[PlyCount "95"]
[EventDate "2017.06.02"]
[SourceDate "2017.07.21"]
[SourceVersionDate "2017.07.21"]

1. e4 c6 2. d4 d5 3. exd5 cxd5 4. c4 Nf6 5. Nc3 e6 6. Nf3 Be7 7. Be2 O-O 8. O-O
dxc4 9. Bxc4 Bd7 10. Re1 Bc6 11. Be3 Bd5 12. Nxd5 Nxd5 13. Qb3 Nb6 14. Rad1 Nc6
15. d5 Na5 16. Bxb6 axb6 17. Qb5 Nxc4 18. Qxc4 Rc8 19. Qe4 Bf6 20. dxe6 Qe7 21.
exf7+ Qxf7 22. b3 Rfe8 23. Qd3 Rcd8 24. Qc2 Rxd1 25. Rxd1 Qe6 26. h3 Rc8 27.
Qd2 h6 28. Qd5 Kf7 29. Qxb7+ Kf8 30. Qd5 Qc6 31. Qxc6 Rxc6 32. Kf1 Ke7 33. Ke2
Re6+ 34. Kd3 Kd7 35. Kc4+ Kc6 36. Re1 b5+ 37. Kb4 Rd6 38. a4 bxa4 39. Kxa4 Kb6
40. b4 Rc6 41. Rd1 Rc2 42. Rd2 Rc1 43. Re2 Ra1+ 44. Kb3 Kb5 45. Re4 Rb1+ 46.
Kc2 Rb2+ 47. Kd3 Rxf2 48. Re2 1/2-1/2

[Event "Washington Open--Reserve Section"]
[Site "Lynnwood, WA"]
[Date "2017.05.29"]
[Round "6"]
[White "Tang  (OR), Zoey"]
[Black "Cicio  (WA), Daniel"]
[Result "1/2-1/2"]
[WhiteElo "1590"]
[BlackElo "1271"]
[PlyCount "88"]
[EventDate "2017.06.02"]
[SourceDate "2017.07.21"]
[SourceVersionDate "2017.07.21"]

1. e4 e6 2. d4 d5 3. exd5 exd5 4. c4 dxc4 5. Bxc4 Nf6 6. Nc3 Nc6 7. Nf3 Bg4 8.
Bb5 Bd7 9. Bg5 a6 10. Be2 h6 11. Bh4 g5 12. Bg3 Nh5 13. Be5 Nxe5 14. Nxe5 Nf6
15. Nxd7 Qxd7 16. Qa4 Qxa4 17. Nxa4 Bb4+ 18. Kf1 O-O-O 19. Rd1 Rhe8 20. a3 Ba5
21. b4 Bb6 22. Nxb6+ cxb6 23. Bc4 Re7 24. g3 Ne4 25. Kg2 Nd6 26. Rc1 Rc7 27.
Bb3 Rdd7 28. Rhe1 Kd8 29. a4 b5 30. a5 Nc4 31. Rcd1 Rd6 32. Re2 Rcd7 33. Rde1
Rxd4 34. Re8+ Kc7 35. R8e7 Rxe7 36. Rxe7+ Rd7 37. Re8 b6 38. axb6+ Kxb6 39. Rh8
Rd6 40. Rh7 Rf6 41. Rh8 Kb7 42. Re8 Re6 43. Rd8 Rd6 44. Re8 Re6 1/2-1/2

[Event "Washington Open--Open Section"]
[Site "Lynnwood, WA"]
[Date "2017.05.29"]
[Round "6"]
[White "Pupols  (WA), Viktors"]
[Black "Sang  (WA), Tian"]
[Result "0-1"]
[WhiteElo "2200"]
[BlackElo "2363"]
[PlyCount "102"]
[EventDate "2017.06.02"]
[SourceDate "2017.07.24"]
[SourceVersionDate "2017.07.24"]

1. d4 f5 2. c4 Nf6 3. Nc3 g6 4. f3 c5 5. d5 d6 6. e4 Bg7 7. exf5 Bxf5 8. Bd3
Bd7 9. Nge2 Na6 10. Ng3 O-O 11. O-O Nc7 12. Bg5 Rb8 13. a4 a6 14. a5 b5 15.
axb6 Rxb6 16. Ra2 Qb8 17. Qd2 Rf7 18. Re1 e6 19. Nge4 Nfe8 20. Be3 exd5 21.
cxd5 Nf6 22. Bf2 Nh5 23. Bc4 Qf8 24. Ng5 Bh6 25. Be3 Re7 26. Ne6 Bxe3+ 27. Rxe3
Bxe6 28. dxe6 Qf4 29. b3 Nf6 30. Ne2 Qh6 31. Nc3 d5 32. Na4 Rexe6 33. Rxe6 Qxd2
34. Rxd2 Rxe6 35. Bf1 Rc6 36. Rc2 Ne6 37. g3 Ne8 38. Kf2 N8c7 39. Bh3 Kf7 40.
f4 Ke7 41. Bg4 Kd6 42. h4 Nd4 43. Rb2 Ne8 44. b4 c4 45. Nc3 Nf6 46. Bd1 Nb5 47.
Nxb5+ axb5 48. Ke3 Ra6 49. Kd4 Ra3 50. Bc2 Nh5 51. f5 gxf5 0-1